Návrh opatrení na zlepšenie systému vzdelávania a rozvoja zamestnancov ako nástroja zvyšovania konkurencieschopnosti podniku AUTO - IMPEX spol. s r.o.
Salvato in:
| Autore principale: | |
|---|---|
| Altri autori: | |
| Natura: | Manoscritto Libro |
| Lingua: | slovacco |
| Pubblicazione: |
2017
|
| Soggetti: | |
| Accesso online: | http://is.stuba.sk/zp/portal_zp.pl?podrobnosti=114986 |
| Tags: |
Nessun Tag, puoi essere il primo ad aggiungerne!!
|
MARC
| LEADER | 00000ntm a22000003a 4500 | ||
|---|---|---|---|
| 001 | stuzp62927 | ||
| 003 | SK-STU | ||
| 005 | 20170624211947.1 | ||
| 007 | ta | ||
| 008 | 150427s2015----xo-----f-mn---000-0-slo-d | ||
| 040 | |a STU |b slo | ||
| 041 | 0 | |a slo | |
| 100 | 1 | |a Šimončičová, Simona |u 064000 |4 aut |U MTF Materiálovotechnologická fakulta |T MTF Ústav priemyselného inžinierstva a manažmentu |X 73338 |U M4000 |Y 84 |7 73338 | |
| 242 | 0 | 1 | |a Proposal of measures for betterment the training system and employee developement as a tool for increasing the competitive ability of company AUTO - IMPEX Ltd. |y eng |
| 245 | 1 | 0 | |a Návrh opatrení na zlepšenie systému vzdelávania a rozvoja zamestnancov ako nástroja zvyšovania konkurencieschopnosti podniku AUTO - IMPEX spol. s r.o. |
| 260 | |c 2017 | ||
| 650 | 4 | |a ľudské zdroje |2 slo | |
| 650 | 4 | |a vzdelávanie |2 slo | |
| 650 | 4 | |a vzdelávacie nástroje |2 slo | |
| 650 | 4 | |a konkurencieschopnosť |2 slo | |
| 650 | 4 | |a konkurencia |2 slo | |
| 650 | 4 | |a training tools |2 eng | |
| 650 | 4 | |a human resource |2 eng | |
| 650 | 4 | |a competition |2 eng | |
| 650 | 4 | |a competitive ability |2 eng | |
| 650 | 4 | |a training |2 eng | |
| 700 | 1 | |a Homokyová, Mária |u 064000 |k Z1 |4 ths |U MTF Materiálovotechnologická fakulta |T MTF Ústav priemyselného inžinierstva a manažmentu |X 2756 |U M4000 |Y 84 |7 A000002756 | |
| 856 | 4 | |u http://is.stuba.sk/zp/portal_zp.pl?podrobnosti=114986 | |
| 996 | |c M* BP-7987 |l MMSKP |s P |a 0 |w stuzp62927_0001 | ||